LEADER 01824nam 2200385 n 450 001 996390341103316 005 20200824120942.0 035 $a(CKB)4940000000099218 035 $a(EEBO)2248499417 035 $a(UnM)99827952e 035 $a(UnM)99827952 035 $a(EXLCZ)994940000000099218 100 $a19950320d1700 uy | 101 0 $aeng 135 $aurbn||||a|bb| 200 10$aTables for renewing and purchasing of the leases of cathedral-churches and colleges$b[electronic resource] $eaccording to several rates of interest; with their construction and use explained. Also tables for renewing and purchasing of lives. With tables for purchasing the leases of land or houses, according to several rates of interest. Very necessary and usefull for all purchasers, but especially for them who are any way concern'd in church or college leases 205 $aThe second edition corrected. 210 $aCambridge $cprinted by John Hayes, printer to the University. 1700. And are to be sold by Ed. Hall bookseller there$d[1700] 215 $a[24], 39, [1] p. $ctables 300 $aBy George Mabbut. Later editions were erroneously attributed to Isaac Newton. 300 $aWith an initial advertisement leaf dated Sept. 10. 1685 and signed by Isaac Newton. 300 $aReproduction of the original in the Trinity College Library, Cambridge. 330 $aeebo-0120 606 $aInterest$vTables$vEarly works to 1800 615 0$aInterest 700 $aMabbut$b George$01006511 702 $aNewton$b Isaac$cSir,$f1642-1727, 801 0$bCu-RivES 801 1$bCu-RivES 801 2$bCStRLIN 801 2$bWaOLN 906 $aBOOK 912 $a996390341103316 996 $aTables for renewing and purchasing of the leases of cathedral-churches and colleges$92316423 997 $aUNISA LEADER 01527nam0 2200397 i 450 001 LO10338007 005 20231121125517.0 010 $a8831759825 020 $aIT$b94-9574 100 $a19960125d1994 ||||0itac50 ba 101 | $aita 102 $ait 181 1$6z01$ai $bxxxe 182 1$6z01$an 200 1 $aNord e Sud$enon fare a pezzi l'unità d'Italia$fLuciano Cafagna 210 $aVenezia$cMarsilio$d1994 215 $a155 p.$d21 cm 225 | $a˜I œgrilli Marsilio$v12 300 $aSegue: Appendici. 410 0$1001CFI0171712$12001 $a˜I œgrilli Marsilio$v12 606 $aQuestione meridionale$2FIR$3RMLC008276$9I 606 $aSocieta$xItalia meridionale$xSec. 20.$2FIR$3RMLC054315$9I 676 $a945.7$9$v20 676 $a945.7092$9$v21 700 1$aCafagna$b, Luciano$3CFIV102460$4070$0121278 801 3$aIT$bIT-01$c19960125 850 $aIT-RM028 $aIT-RM0289 $aIT-RM1248 $aIT-FR0017 899 $aBiblioteca Universitaria Alessandrina$bRM028 899 $aBiblioteca Statale A. Baldini$bRM0289 $eN 899 $aBiblioteca Della Fondazione Pietro Nenni$bRM1248 899 $aBiblioteca umanistica Giorgio Aprea$bFR0017 912 $aLO10338007 950 0$aBiblioteca umanistica Giorgio Aprea$d 52DES 945 Caf.Nor.$e 52FLS0000369745 VMB RS $fA $h20130314$i20130314 977 $a 01$a 04$a 23$a 52 996 $aNord e Sud$9738368 997 $aUNICAS